| 000 | 01333cam a22003497a 4500 | ||
|---|---|---|---|
| 003 | CHAP | ||
| 005 | 20250603073156.0 | ||
| 008 | 030130d2002 mx r 00110 spa d | ||
| 010 | _a86798 | ||
| 011 | _a87770 | ||
| 035 | _a98314 | ||
| 040 | _cCHAP | ||
| 090 | _aTesis | ||
| 100 | 1 | 0 |
_aGarcía Salazar, Adriana _946587 |
| 245 | 1 | 0 |
_aEstudio de factibilidad técnico económica para la engorda de ovinos mediante el sistéma intensivo en la comunidad de San Miguel Tlaixpan, Texcoco, Edo. de México _c/por Adriana García Salazar |
| 260 |
_aChapingo, Méx. : _bEl autor, _c2002. |
||
| 300 |
_a80 h. : _bilus. |
||
| 502 | _aTesis (Ing. Agroindustrial) -- UACH. Departamento de Ingenieria Agroindustrial | ||
| 590 |
_aALEPH _b10 _c20130110 _lUCH01 _h1451 |
||
| 590 |
_aBATCH-UPD _b10 _c20130110 _lUCH01 _h1313 |
||
| 590 |
_aBATCH-UPD _b10 _c20130410 _lUCH01 _h0825 |
||
| 590 |
_aBATCH-UPD _b10 _c20130914 _lUCH01 _h1513 |
||
| 590 |
_aCONVERSION _b10 _c20130109 _lUCH01 _h1348 |
||
| 650 | 1 | 4 |
_aGanado lanar _xAspectos económicos. _945157 |
| 650 | 1 | 4 |
_aGanado lanar _xEngorda. _945175 |
| 650 | 1 | 4 |
_aGanado lanar _xMéxico (Edo.) _945200 |
| 901 | _aBK | ||
| 905 | _aMayto Villalobos S. | ||
| 942 | _cFOLL | ||
| 949 |
_aTesis _bBC _cTES _d33724000883450 _eTS2 _fc.2 _h40369 _i98314 _si |
||
| 949 |
_aTesis _bBC _cTES _d98314123 _eTS1 _h40370 _i98314 _sb |
||
| 999 |
_c86798 _d86798 |
||